| 000 | 00427nam a2200145Ia 4500 | ||
|---|---|---|---|
| 005 | 20240429041153.0 | ||
| 008 | 240331s9999 xx 000 0 und d | ||
| 082 |
_bWOM _a331.4 |
||
| 245 | 0 |
_aWomen at work : _bwhite paper on working women in Europe _cEuropean trade union confederation. |
|
| 260 |
_aBrussels _bEuropean Trade union Confederation _c1976 |
||
| 300 | _a181 p ., | ||
| 650 | _aWomen | ||
| 650 | _aSociety | ||
| 942 | _cL | ||
| 999 |
_c2659 _d2659 |
||